000 00804nam a22002297a 4500
003 UA-OsUOA
001 58648
007 ta
008 20090217b un ||||| |||| 00| 0 ukr d
090 _a551.46
_bП78
942 _cBK
040 _aUA-OsUOA
_brus
_cUA-OsUOA
_dUA-OsUOA
245 _aПроблемы биологической океанографии ХХІ века: тезисы докладов международной научной конференции, посвященной 135-летию ИнБЮМ
300 _a180 с.
955 _a1
041 _arus
080 _a551.46
020 _a966-02-4081-3
260 _aСевастополь
_bЭКОСИ-Гидрофизика
_c2006
650 7 _a5 Математика. Природничі науки
_2UDC
999 _c344894
_d344894